Сучасна українська літературна мова (Запис № 347127)
[ простий вигляд ]
| 000 -LEADER | |
|---|---|
| fixed length control field | 00846nam a22002537a 4500 |
| 001 - CONTROL NUMBER | |
| control field | 61235 |
| 003 - CONTROL NUMBER IDENTIFIER | |
| control field | UA-OsUOA |
| 005 - DATE AND TIME OF LATEST TRANSACTION | |
| control field | 20200607163912.0 |
| 007 - PHYSICAL DESCRIPTION FIXED FIELD--GENERAL INFORMATION | |
| fixed length control field | ta |
| 008 - FIXED-LENGTH DATA ELEMENTS--GENERAL INFORMATION | |
| fixed length control field | 20090623b un ||||| |||| 00| 0 ukr d |
| 020 ## - INTERNATIONAL STANDARD BOOK NUMBER | |
| International Standard Book Number | 978-966-346-452-7 |
| 040 ## - CATALOGING SOURCE | |
| Original cataloging agency | UA-OsUOA |
| Language of cataloging | ukr |
| Transcribing agency | UA-OsUOA |
| Modifying agency | UA-OsUOA |
| 041 ## - LANGUAGE CODE | |
| Language code of text/sound track or separate title | ukr |
| 080 ## - UNIVERSAL DECIMAL CLASSIFICATION NUMBER | |
| Universal Decimal Classification number | 811.161.2(075.8) |
| 090 ## - LOCALLY ASSIGNED LC-TYPE CALL NUMBER (OCLC); LOCAL CALL NUMBER (OCLC) | |
| Classification number (OCLC) (R) ; Classification number, CALL (RLIN) (NR) | 811.161.2(075.8) |
| Local cutter number (OCLC) ; Book number/undivided call number, CALL (RLIN) | В29 |
| 100 ## - MAIN ENTRY--PERSONAL NAME | |
| Personal name | Венжинович Н. Ф. |
| 245 ## - TITLE STATEMENT | |
| Title | Сучасна українська літературна мова |
| Remainder of title | Навчальний посібник |
| 260 ## - PUBLICATION, DISTRIBUTION, ETC. (IMPRINT) | |
| Place of publication, distribution, etc | К. |
| Name of publisher, distributor, etc | Знання |
| Date of publication, distribution, etc | 2008 |
| 300 ## - PHYSICAL DESCRIPTION | |
| Extent | 304 с. |
| 650 #7 - SUBJECT ADDED ENTRY--TOPICAL TERM | |
| Topical term or geographic name as entry element | 8 Мовознавство. Художня література. Літературознавство |
| Source of heading or term | UDC |
| 942 ## - ADDED ENTRY ELEMENTS (KOHA) | |
| Koha item type | Книги |
| Source of classification or shelving scheme | Universal Decimal Classification |
| 955 ## - COPY-LEVEL INFORMATION (RLIN) | |
| Classification number, CCAL (RLIN) | Навчальні видання |
| Withdrawn status | Lost status | Source of classification or shelving scheme | Damaged status | Not for loan | Home library | Current library | Date acquired | Source of acquisition | Cost, normal purchase price | Inventory number | Total Checkouts | Full call number | Barcode | Date last seen | Price effective from | Koha item type |
|---|---|---|---|---|---|---|---|---|---|---|---|---|---|---|---|---|
| Universal Decimal Classification | ЧЗ - Читальна зала | ЧЗ - Читальна зала | 04/11/2008 | 145/2008 | 74.30 | 116688 | 811.161.2(075.8) В29 | 116688 | 07/02/2022 | 04/11/2008 | Книги | |||||
| Universal Decimal Classification | ЧЗ - Читальна зала | ЧЗ - Читальна зала | 04/11/2008 | 145/2008 | 74.30 | 116689 | 811.161.2(075.8) В29 | 116689 | 07/02/2022 | 04/11/2008 | Книги | |||||
| Universal Decimal Classification | ЧЗ - Читальна зала | ЧЗ - Читальна зала | 04/11/2008 | 145/2008 | 74.30 | 116690 | 811.161.2(075.8) В29 | 116690 | 07/02/2022 | 04/11/2008 | Книги | |||||
| Universal Decimal Classification | ЧЗ - Читальна зала | ЧЗ - Читальна зала | 04/11/2008 | 145/2008 | 74.30 | 116691 | 811.161.2(075.8) В29 | 116691 | 07/02/2022 | 04/11/2008 | Книги | |||||
| Universal Decimal Classification | ЧЗ - Читальна зала | ЧЗ - Читальна зала | 04/11/2008 | 145/2008 | 74.30 | 116692 | 811.161.2(075.8) В29 | 116692 | 07/02/2022 | 04/11/2008 | Книги | |||||
| Universal Decimal Classification | ЧЗ - Читальна зала | ЧЗ - Читальна зала | 23/06/2009 | 95/2009 | 45.00 | 121601 | 811.161.2(075.8) В29 | 121601 | 07/02/2022 | 23/06/2009 | Книги | |||||
| Universal Decimal Classification | ЧЗ - Читальна зала | ЧЗ - Читальна зала | 17/07/2009 | 107/2009 | 45.00 | 122357 | 811.161.2(075.8) В29 | 122357 | 06/02/2022 | 17/07/2009 | Книги | |||||
| Universal Decimal Classification | ЧЗ - Читальна зала | ЧЗ - Читальна зала | 17/07/2009 | 107/2009 | 45.00 | 122358 | 811.161.2(075.8) В29 | 122358 | 07/02/2022 | 17/07/2009 | Книги |